000 00416nam a2200181Ia 4500
001 19761
005 20260306172716.0
008 260306t1982||||xx |||||||||||||| ||spa||
041 _aESP
082 _a341
_bV64
100 _aVigo, Rodolfo Luis
_eAUT
245 0 _aLas causas del derecho
260 _c1982
300 _a182 páginas :
_c23 cm.
650 _aGEN
654 _aCDE
942 _cLIB
_dJUS
_fJUS
_2ddc
_n
999 _c19761
_d19761